000 00258nam a22001097a 4500
082 _a327.195491 RAI'R
100 _aRAI, HAMEED A. K
_974562
245 _aREADINGS IN PAKISTAN FOREIGN POLICY
260 _aLAHORE
_bAZIZ
_c1981
300 _aVOL-2
942 _cBK
999 _c580076
_d580076